00943cam a22002531 4500001001300000003000400013005001700017008004100034010001700075035002000092040004600112050002500158082001300183110008100196245006500277260002300342300001800365490002400383504010900407610003000516650003100546810009500577999001700672sd 49000285 DLC20260227112735.0900313s1944 dcu b 000 0 eng c asd 49000285  a(OCoLC)21207734 aU.S. Dept. of State. Library.cCSt-HdDLC00aUB250b.U33 no. 2026 a282.43911 aUnited States.bOffice of Strategic Services.bResearch and Analysis Branch.00aPolitical attitudes of the Roman Catholic Church in Hungary. aWashington,c1944. a55 p.c32 cm.1 aIts R & Avno. 2026 aAppendices contain brief biographical data on members of the Roman and Greek Catholic clergy as of 1953.20aCatholic ChurchzHungary. 0aChurch and statezHungary.1 aUnited States.bDepartment of State.bOffice of Intelligence Research.tR & A ;vno. 2026. c90003d90003